[Event "Teplice Open 2019"]
[Site "Teplice"]
[Date "2019.06.16"]
[Round "2.2"]
[White "Demchenko, Anton"]
[Black "Czerw, Dawid"]
[Result "1-0"]
[WhiteElo "2671"]
[BlackElo "2317"]
[Annotator "TA"]
[PlyCount "65"]
[EventDate "2019.06.15"]
[EventType "swiss"]
[EventCountry "CZE"]
[SourceTitle "playchess.com"]
[Source "ChessBase"]
[SourceQuality "1"]

{[%evp 9,65,11,17,14,12,-27,-21,-23,-19,-25,-12,-75,33,37,43,51,51,22,22,17,35,15,37,30,48,47,36,43,47,21,47,52,69,19,16,14,28,20,58,12,103,88,100,100,88,97,227,225,232,221,230,228,221,197,672,666,639,495]} 1. e4 c5 2. Nc3 Nc6 3. Bb5 Nd4 4. Nf3 a6 5. Bd3 Nc6 6. O-O {B23: Closed Sicilian: Lines without g3} g6 7. b3 Bg7 8. Bb2 {The position is equal.} d6 9. Re1 (9. h3 e6 10. Na4 e5 11. Nc3 Nge7 12. a4 {½-½ (76) Andreikin,D (2719)-Carlsen,M (2835) St Petersburg 2018}) 9... e6 10. e5 (10. Na4 $11 e5 11. h3) 10... d5 (10... dxe5 $17 11. Na4 Nge7) 11. Bf1 $36 {[%mdl 2048] White fights for an advantage.} Nge7 12. Na4 $146 ({Predecessor:} 12. Ne2) 12... b6 13. d4 cxd4 14. Nxd4 Bd7 15. Nf3 O-O 16. Ba3 Qc7 17. Bd6 Qb7 18. c4 Rfd8 19. Rb1 Be8 20. c5 Nc8 21. Nxb6 Nxb6 22. cxb6 Qxb6 23. b4 {[%cal Bb3b4,Bb4b5][%mdl 32]} Na7 24. a4 (24. Bc5 $5 {[%cal Rc5b6]} Qc7 25. Bd3 $14) 24... Nc8 (24... Rxd6 $11 {keeps the balance.} 25. exd6 Qxd6) 25. Bc5 $16 Qb8 26. h4 Nb6 27. b5 a5 (27... Nc4 $16) 28. Qd4 $18 Nd7 {[#]} 29. Be7 $1 Rc8 {[#]} 30. h5 $1 Qc7 {intending ...Nxe5.} 31. Qh4 Nb6 $2 (31... Qb6 32. h6 Bf8) 32. h6 Ra7 33. Bd6 {Accuracy: White = 68%, Black = 32%.} 1-0

[Event "Teplice Open 2019"]
[Site "Teplice"]
[Date "2019.06.16"]
[Round "2.3"]
[White "Gungl, Theo"]
[Black "Nisipeanu, Liviu-Dieter"]
[Result "0-1"]
[WhiteElo "2313"]
[BlackElo "2667"]
[Annotator "TA"]
[PlyCount "116"]
[EventDate "2019.06.15"]
[EventType "swiss"]
[EventCountry "CZE"]
[SourceTitle "playchess.com"]
[Source "ChessBase"]
[SourceQuality "1"]

{[%evp 9,116,-2,5,0,0,-3,-9,-10,2,0,0,10,24,25,26,22,20,20,16,-21,-29,-24,-23,-19,4,-9,-10,-45,-54,-51,-51,-68,-66,-88,-55,-123,-59,-66,-46,-140,-129,-108,-106,-97,-93,-105,-106,-106,-106,-106,-106,-106,-106,-106,-98,-98,-98,-98,-98,-106,-106,-145,-156,-156,-153,-145,-146,-152,-156,-156,-143,-138,-129,-131,-120,-184,-169,-916,-913,-833,-804,-480,-1314,-1306,-991,-1584,-1584,-9760,-6440,-6191,-6094,-1980,-5988,-4133,-1272,-2435,-2182,-29969,-29971,-29963,-29956,-29977,-29978,-29977,0,-29978,-29979,-29978,-12262]} 1. d4 Nf6 2. c4 e6 3. Nc3 Bb4 4. e3 O-O 5. Nge2 c6 (5... d5 6. a3 Be7 7. cxd5 exd5 8. Nf4 c6 9. Bd3 Na6 10. O-O Nc7 11. f3 Re8 12. Kh1 b6 13. g4 Ne6 14. b4 Nxf4 15. exf4 Bb7 16. Qc2 c5 17. g5 {1-0 (28) Korobov,A (2756)-Cheparinov,I (2629) Hengshui 2019}) 6. a3 {E46: Nimzo-Indian: Rubinstein: 4 e3 0-0 5 Ne2 without early Bd3} Ba5 7. c5 d5 8. cxd6 {The position is equal.} Qxd6 9. b4 Bc7 10. g3 Qe7 11. Bg2 e5 12. O-O Bg4 13. Qc2 {[#]} Nbd7 $146 14. Bb2 e4 15. Nc1 {[%cal Rc3e4]} Rfe8 16. Nb3 h5 17. Nd2 {[%cal Rd2e4]} Bf5 18. h4 Rac8 19. Rac1 Nb6 20. Rfe1 Nbd5 21. Qb1 Qe6 22. Na4 (22. Qc2 $15) 22... b6 ({Better is} 22... Bh3 $17 23. Qc2 Bxg2 24. Kxg2 Qf5) 23. Nc3 $15 Bb8 24. Nxd5 ({White should play} 24. Qc2 $15) 24... cxd5 $17 25. Rxc8 Rxc8 26. Rc1 Bh3 27. Rxc8+ Qxc8 28. Qc1 Qf5 29. Bxh3 Qxh3 30. Nf1 Qd7 31. Qc2 b5 32. Kg2 Bd6 33. Qd1 Qf5 34. Qe2 a6 35. Nd2 {[#]} g5 $1 36. hxg5 Qxg5 37. Bc3 h4 {[%cal Rh4g3]} 38. Nf1 hxg3 39. fxg3 Ng4 40. Be1 Kg7 41. Bf2 Qf5 42. Bg1 (42. Nh2 $17 Nh6 43. Qc2) 42... Kg6 43. Nh2 $2 (43. Bf2) 43... Nxh2 $19 44. Bxh2 Kg5 45. Bg1 {[#]} Qg4 $1 {[%mdl 512]} 46. Qf2 f5 47. Bh2 Qd1 48. Kh3 Bc7 49. Bg1 Qf3 50. Qxf3 exf3 {[%mdl 4096] Endgame KB-KB} 51. Bf2 a5 52. Be1 axb4 53. Bxb4 f2 54. Kg2 {[#]} Bxg3 $1 {[%mdl 512]} 55. Bc5 (55. Kxg3 f1=Q) 55... Kg4 56. Bb4 {[#]} f1=Q+ $1 {[%mdl 576] Deflection} 57. Kxf1 {intending Ke2.} Kf3 58. Bd2 Bf2 {Accuracy: White = 51%, Black = 75%.} 0-1

[Event "Teplice Open 2019"]
[Site "Teplice"]
[Date "2019.06.16"]
[Round "2.4"]
[White "Movsesian, Sergei"]
[Black "Sylvan, Jacob"]
[Result "1-0"]
[WhiteElo "2639"]
[BlackElo "2312"]
[Annotator "TA"]
[PlyCount "55"]
[EventDate "2019.06.15"]
[EventType "swiss"]
[EventCountry "CZE"]
[SourceTitle "playchess.com"]
[Source "ChessBase"]
[SourceQuality "1"]

{[%evp 9,55,30,41,16,20,0,-5,0,38,31,29,33,31,31,84,50,103,107,128,66,111,109,149,144,138,116,179,172,175,176,171,177,176,173,199,193,429,434,445,440,445,443,427,432,394,269,320,245]} 1. e4 c5 2. Nf3 e6 3. d4 cxd4 4. Nxd4 Nc6 5. Nc3 Qc7 6. g4 {B47: Sicilian: Taimanov: 5 Nc3 Qc7 6 f4, 6 g3 and 6 Be2} (6. Be3 a6 7. Bd3 Nf6 8. O-O Nxd4 9. Bxd4 Bc5 10. Bxc5 Qxc5 11. Na4 Qc7 12. c4 d6 13. Nc3 O-O 14. Be2 Rd8 15. Qd4 e5 16. Qe3 Be6 17. b3 Qc5 18. Qd3 Rac8 19. Rac1 {½-½ (35) Jakovenko,D (2719)-Harikrishna,P (2723) Shenzhen 2019}) 6... a6 7. h4 Nxd4 8. Qxd4 {The position is equal.} Ne7 9. Be3 b5 $1 10. O-O-O Nc6 11. Qd2 $36 {[%mdl 2048] White is pushing.} Bb4 $146 (11... Qa5 $14) ({Predecessor:} 11... d6 12. Kb1 Bb7 13. g5 Rc8 {1-0 (60) Kosakowski,J (2415)-Zakrzewski,M (2311) Krakow 2019}) 12. Kb1 Bb7 (12... O-O $14) 13. a3 $16 Be7 14. Bf4 (14. Rh3 $16) 14... Qd8 15. g5 Rc8 16. Rh3 b4 17. axb4 {Threatens to win with Rd3.} Bxb4 (17... e5 $16) 18. Rd3 $18 {[%cal Rd3d7]} Nb8 19. Bd6 Bxd6 20. Rxd6 O-O 21. f4 f6 22. Bh3 Qa5 $2 {[#]} (22... Qe7 23. f5 exf5) 23. gxf6 Rxf6 24. Nd5 Qxd2 25. Nxf6+ gxf6 26. R1xd2 Bxe4 {[#]} 27. Rxe6 $1 {[%mdl 512]} Rxc2 (27... dxe6 28. Bxe6+) 28. Rxe4 {Accuracy: White = 64%, Black = 31%.} ({Not} 28. Rxc2 dxe6 29. Bxe6+ Kg7 $14) 1-0

[Event "Teplice Open 2019"]
[Site "Teplice"]
[Date "2019.06.16"]
[Round "2.5"]
[White "Worek, Joanna"]
[Black "Banusz, Tamas"]
[Result "1/2-1/2"]
[WhiteElo "2311"]
[BlackElo "2629"]
[Annotator "TA"]
[PlyCount "58"]
[EventDate "2019.06.15"]
[EventType "swiss"]
[EventCountry "CZE"]
[SourceTitle "playchess.com"]
[Source "ChessBase"]
[SourceQuality "1"]

{[%evp 26,58,11,0,0,1,12,0,0,0,0,0,0,0,0,0,0,0,0,-12,0,0,0,0,0,0,21,0,16,0,0,0,0,0,18]} 1. e4 c5 2. Nf3 Nc6 3. d4 cxd4 4. Nxd4 Nf6 5. Nc3 e5 6. Ndb5 d6 7. Bg5 a6 8. Na3 b5 9. Nd5 Be7 10. Bxf6 Bxf6 11. c3 Ne7 12. Nc2 Nxd5 13. Qxd5 Rb8 14. Ne3 {The position is equal.} (14. Qd3 {is more complex.} O-O 15. Be2 a5 16. O-O Be6 17. Rfd1) 14... O-O {B33: Sicilian: Pelikan and Sveshnikov Variations} (14... Be6 {keeps more tension.} 15. Qd3 a5 16. Be2 Bg5 17. O-O Bxe3 18. Qxe3 Qb6) 15. Be2 {[#]} b4 $146 ({Predecessor:} 15... Bg5 16. Qd3 Qb6 17. O-O Bxe3 18. Qxe3 Qxe3 19. fxe3 Bb7 20. Bf3 Bc6 21. Rad1 Rfd8 22. Rf2 {0-1 (48) Pinsach Gelabert,A (2046)-Alsina Leal,D (2542) Barcelona 2015}) 16. O-O bxc3 17. bxc3 Be6 18. Qd3 Bg5 19. Nd5 Rb2 20. Qxa6 Bxd5 21. exd5 Qc7 22. Bb5 Qxc3 23. Rab1 Rd8 24. Rxb2 Qxb2 25. a4 Qd4 26. Qb7 {[#] Strongly threatening a5.} Qd2 27. Bc6 e4 28. Rb1 Bh4 29. Qb6 Bg5 {Accuracy: White = 60%, Black = 65%.} 1/2-1/2

[Event "Teplice Open 2019"]
[Site "Teplice"]
[Date "2019.06.16"]
[Round "2.6"]
[White "Tari, Aryan"]
[Black "Sorm, Daniel"]
[Result "1-0"]
[WhiteElo "2623"]
[BlackElo "2303"]
[Annotator "TA"]
[PlyCount "111"]
[EventDate "2019.06.15"]
[EventType "swiss"]
[EventCountry "CZE"]
[SourceTitle "playchess.com"]
[Source "ChessBase"]
[SourceQuality "1"]

{[%evp 15,111,33,18,31,31,25,25,16,46,0,14,-8,-6,-38,-40,-44,-32,-26,-34,-32,-31,-29,-29,-37,14,13,62,66,113,102,95,107,107,107,158,158,208,206,206,191,190,168,181,166,177,176,192,146,164,143,131,0,161,143,361,417,403,154,158,0,385,362,442,442,397,372,803,434,1006,364,609,569,829,794,879,876,1423,1411,1650,1677,1503,1335,1681,1482,1493,1439,29976,29969,29978,29979,29978,29978,29977,29979,29978,29979,29980,29978]} 1. e4 c5 2. Nf3 Nc6 3. d4 cxd4 4. Nxd4 Qb6 5. Nb3 Nf6 6. Nc3 e6 7. Qe2 Bb4 8. Bd2 O-O 9. a3 {B33: Sicilian: Pelikan and Sveshnikov Variations} (9. O-O-O d5 10. exd5 exd5 11. Be3 Qc7 12. Nb5 Qd8 13. f3 a6 14. N5d4 Re8 15. Qf2 Ne5 16. Bd2 Bd6 17. Kb1 a5 18. Bb5 a4 {½-½ (76) Amonatov,F (2620)-Korobov,A (2692) Doha 2016}) 9... Bxc3 10. Bxc3 e5 11. O-O-O {White has an edge.} a5 12. Rd6 Ne8 13. Rd3 d6 14. Qe3 $146 ({Predecessor:} 14. Rd1 Be6 15. Nd2 Qc7 16. Nf3 Rb8 {0-1 (62) Mohite,R (2238)-Rieger,R (2283) Lienz 2019}) 14... Qc7 15. Rd1 Be6 16. Kb1 Nf6 17. Bb5 d5 18. exd5 $1 Nxd5 19. Qc5 Nxc3+ ({Better is} 19... a4 $15 20. Nd2 Nxc3+ 21. Qxc3 Qb6 22. Bxc6 bxc6) 20. Qxc3 $11 Bxb3 21. cxb3 Rfd8 22. Bxc6 bxc6 23. Rxd8+ Rxd8 $16 {[%mdl 4096] Endgame KQR-KQR} 24. Rc1 Qb6 (24... Rc8 $142) 25. Qxe5 Qxb3 26. Qxa5 {[%cal Ra5d8]} Rb8 {[%csl Gb8][%cal Rb3b2]} 27. Qc3 Qb5 28. Rc2 $40 {[%mdl 128] White attacks with force.} Qf1+ 29. Ka2 Qxg2 30. Qxc6 {Intending Qc8+! and mate.} Qh3 31. Rc3 Qf5 32. Rc5 Qh3 {( -> ...Qb3+)} 33. Rc3 Qf5 34. Rb3 Rc8 $2 (34... Rd8 $16) 35. Rf3 $18 Qg4 36. Rg3 $2 (36. h3 $18 {and the rest is easy.} Qxh3 37. Rxh3 Rxc6 38. a4) 36... Qf5 $16 {[#]} 37. Rf3 $2 (37. Re3 $1 $16 {[%mdl 512] White wants to mate with Re8+.} g6 38. Re8+ Rxe8 39. Qxe8+ Kg7 40. Qe3) 37... Qg4 $18 {[#]} 38. h3 $1 {Hoping for Re3.} Qxh3 39. Rxh3 {[%cal Rc6c8]} Rxc6 {KR-KR} 40. a4 {Threatens to win with Rc3.} g5 $2 (40... Kf8 41. a5 (41. Rxh7 Rf6 $18) 41... Ke7 42. Rxh7 g6) 41. a5 g4 (41... Kf8 $142 42. b4 Ke8) 42. Rh5 $2 (42. Ra3 Rc8 43. a6) 42... h6 $2 (42... Kf8 43. Rg5 (43. Rxh7 Rf6 $16) 43... Ke7 44. Rxg4 Rf6) 43. b4 {[%cal Bb2b4,Bb4b5][%mdl 32]} Kg7 44. Rc5 Rf6 45. Rc2 Ra6 46. Kb3 h5 47. Ra2 h4 48. b5 Ra8 49. b6 Rb8 50. Kc4 f5 51. a6 {White mates.} Rxb6 52. a7 Rc6+ 53. Kd4 Rc8 54. a8=Q Rxa8 55. Rxa8 f4 56. Ke4 {Accuracy: White = 60%, Black = 40%.} 1-0

[Event "Teplice Open 2019"]
[Site "Teplice"]
[Date "2019.06.16"]
[Round "2.7"]
[White "Simek, Petr"]
[Black "Van Foreest, Jorden"]
[Result "1/2-1/2"]
[WhiteElo "2300"]
[BlackElo "2610"]
[Annotator "ChessBase"]
[PlyCount "210"]
[EventDate "2019.06.15"]
[EventType "swiss"]
[EventCountry "CZE"]
[SourceTitle "playchess.com"]
[Source "ChessBase"]
[SourceQuality "1"]
[TimeControl "40/5400+30:1800+30"]

1. d4 {[%emt 0:00:00]} d5 {[%emt 0:00:00]} 2. c4 {[%emt 0:00:00]} e6 {[%emt 0:00:05]} 3. Nf3 {[%emt 0:01:37]} a6 {[%emt 0:00:50]} 4. Bg5 {[%emt 0:17:07]} Be7 {[%emt 0:00:44]} 5. Bxe7 {[%emt 0:00:11]} Qxe7 {[%emt 0:00:24]} 6. Nbd2 {[%emt 0:11:38]} Nf6 {[%emt 0:01:30]} 7. g3 {[%emt 0:01:20]} dxc4 {[%emt 0:09:16]} 8. Nxc4 {[%emt 0:01:15]} b5 {[%emt 0:07:55]} 9. Na5 {[%emt 0:01:51]} O-O {[%emt 0:12:19]} 10. Bg2 {[%emt 0:00:18]} c5 {[%emt 0:00:34]} 11. dxc5 {[%emt 0:01:19]} Qxc5 {[%emt 0:00:18]} 12. O-O {[%emt 0:02:57]} b4 {[%emt 0:00:18]} 13. Nb3 {[%emt 0:15:05]} Qe7 {[%emt 0:01:34]} 14. Ne5 {[%emt 0:00:30]} Bb7 {[%emt 0:02:03]} 15. Bxb7 {[%emt 0:01:04]} Qxb7 {[%emt 0:00:12]} 16. Qd4 {[%emt 0:00:07]} Qb5 {[%emt 0:04:33]} 17. e3 {[%emt 0:03:56]} Nbd7 {[%emt 0:07:45]} 18. Nxd7 {[%emt 0:01:02]} Nxd7 {[%emt 0:00:19]} 19. Rfd1 {[%emt 0:14:07]} Ne5 {[%emt 0:05:06]} 20. Qe4 {[%emt 0:01:02]} f5 {[%emt 0:03:53]} 21. Qf4 {[%emt 0:02:59]} h6 {[%emt 0:03:37]} 22. h4 {[%emt 0:04:14]} Rad8 {[%emt 0:01:59]} 23. Rd4 {[%emt 0:02:14]} a5 {[%emt 0:16:00]} 24. Rad1 {[%emt 0:01:09]} Rxd4 {[%emt 0:01:30]} 25. exd4 {[%emt 0:00:33]} Qe2 {[%emt 0:00:33]} 26. Rf1 {[%emt 0:01:36]} Nd3 {[%emt 0:01:05]} 27. Qe3 {[%emt 0:03:18]} Qxe3 {[%emt 0:00:14]} 28. fxe3 {[%emt 0:00:04]} Nxb2 {[%emt 0:04:29]} 29. Nxa5 {[%emt 0:00:09]} Rc8 {[%emt 0:00:12]} 30. Rb1 {[%emt 0:00:49]} Nd3 {[%emt 0:00:05]} 31. Nb3 {[%emt 0:03:17]} Rc2 {[%emt 0:01:32]} 32. Nc5 {[%emt 0:02:02]} Rc1+ {[%emt 0:08:42]} 33. Rxc1 {[%emt 0:00:07]} Nxc1 {[%emt 0:00:04]} 34. Nxe6 {[%emt 0:00:13]} Nxa2 {[%emt 0:00:06]} 35. Nc5 {[%emt 0:00:22]} Kf7 {[%emt 0:01:40]} 36. Kf2 {[%emt 0:04:04]} Ke7 {[%emt 0:01:34]} 37. Kf3 {[%emt 0:01:54]} Nc1 {[%emt 0:00:14]} 38. e4 {[%emt 0:01:27]} b3 {[%emt 0:01:07]} 39. Na4 {[%emt 0:00:06]} Ke6 {[%emt 0:01:05]} 40. g4 {[%emt 0:01:12]} fxg4+ {[%emt 0:00:51]} 41. Kxg4 {[%emt 0:30:55]} Nd3 {[%emt 0:32:21]} 42. Nc3 {[%emt 0:00:00]} b2 {[%emt 0:00:00]} 43. Kf3 {[%emt 0:00:00]} Ne1+ {[%emt 0:00:00]} 44. Kf4 {[%emt 0:00:00]} Ng2+ {[%emt 0:00:00]} 45. Kg3 {[%emt 0:00:00]} Ne3 {[%emt 0:00:00]} 46. Kf4 {[%emt 0:00:00]} Nc4 {[%emt 0:00:00]} 47. h5 {[%emt 0:00:00]} Nb6 {[%emt 0:00:00]} 48. d5+ {[%emt 0:00:00]} Kd6 {[%emt 0:00:00]} 49. Kf5 {[%emt 0:00:00]} Nd7 {[%emt 0:00:00]} 50. Kg6 {[%emt 0:02:48]} Nf6 {[%emt 0:00:00]} 51. Kxg7 {[%emt 0:00:11]} Nxh5+ {[%emt 0:00:00]} 52. Kxh6 {[%emt 0:00:05]} Nf6 {[%emt 0:00:00]} 53. Kg6 {[%emt 0:00:50]} Ke5 {[%emt 0:00:00]} 54. d6 {[%emt 0:00:12]} Nxe4 {[%emt 0:00:00]} 55. d7 {[%emt 0:00:10]} Nxc3 {[%emt 0:00:00]} 56. d8=Q {[%emt 0:00:05]} b1=Q+ {[%emt 0:00:00]} 57. Kg7 {[%emt 0:00:27]} Qg1+ {[%emt 0:00:00]} 58. Kf7 {[%emt 0:00:14]} Qf2+ {[%emt 0:00:00]} 59. Kg7 {[%emt 0:00:19]} Qg2+ {[%emt 0:00:00]} 60. Kf7 {[%emt 0:00:10]} Qf3+ {[%emt 0:00:00]} 61. Kg7 {[%emt 0:00:31]} Qg4+ {[%emt 0:00:00]} 62. Kf7 {[%emt 0:00:15]} Qe6+ {[%emt 0:00:00]} 63. Kg7 {[%emt 0:00:06]} Ne4 {[%emt 0:00:08]} 64. Qa5+ {[%emt 0:00:30]} Kf4 {[%emt 0:00:09]} 65. Qc7+ {[%emt 0:02:26]} Kg4 {[%emt 0:00:11]} 66. Qf7 {[%emt 0:00:54]} Qe5+ {[%emt 0:00:24]} 67. Kf8 {[%emt 0:00:05]} Ng5 {[%emt 0:01:16]} 68. Qd7+ {[%emt 0:03:05]} Kg3 {[%emt 0:00:06]} 69. Kg8 {[%emt 0:00:09]} Kh4 {[%emt 0:00:43]} 70. Qa4+ {[%emt 0:00:39]} Ne4 {[%emt 0:02:12]} 71. Kf7 {[%emt 0:01:21]} Kg5 {[%emt 0:00:08]} 72. Qd7 {[%emt 0:00:26]} Nd6+ {[%emt 0:03:27]} 73. Kg8 {[%emt 0:00:21]} Qd5+ {[%emt 0:00:06]} 74. Kf8 {[%emt 0:00:17]} Qa8+ {[%emt 0:00:22]} 75. Kg7 {[%emt 0:00:40]} Nf5+ {[%emt 0:00:22]} 76. Kh7 {[%emt 0:00:22]} Qh1+ {[%emt 0:02:11]} 77. Kg8 {[%emt 0:00:12]} Qg2 {[%emt 0:03:46]} 78. Qe6 {[%emt 0:01:25]} Qa8+ {[%emt 0:02:26]} 79. Kf7 {[%emt 0:00:09]} Qb7+ {[%emt 0:00:14]} 80. Kf8 {[%emt 0:00:06]} Qb8+ {[%emt 0:00:16]} 81. Kf7 {[%emt 0:00:10]} Qb7+ {[%emt 0:01:02]} 82. Kf8 {[%emt 0:00:06]} Qc7 {[%emt 0:00:53]} 83. Qg8+ {[%emt 0:01:55]} Kf4 {[%emt 0:00:27]} 84. Qe6 {[%emt 0:00:13]} Qb8+ {[%emt 0:01:35]} 85. Kf7 {[%emt 0:00:06]} Qb7+ {[%emt 0:00:10]} 86. Kf8 {[%emt 0:00:08]} Kg5 {[%emt 0:01:02]} 87. Qg8+ {[%emt 0:00:17]} Kf6 {[%emt 0:00:04]} 88. Qh8+ {[%emt 0:00:04]} Ke6 {[%emt 0:00:03]} 89. Qg8+ {[%emt 0:00:11]} Kd6 {[%emt 0:00:23]} 90. Qg6+ {[%emt 0:00:41]} Ke5 {[%emt 0:00:02]} 91. Qe8+ {[%emt 0:00:15]} Kf6 {[%emt 0:00:27]} 92. Qd8+ {[%emt 0:00:06]} Kg6 {[%emt 0:00:06]} 93. Qe8+ {[%emt 0:00:04]} Kh6 {[%emt 0:00:09]} 94. Qe6+ {[%emt 0:00:50]} Kg5 {[%emt 0:00:05]} 95. Qg8+ {[%emt 0:00:39]} Kf6 {[%emt 0:00:13]} 96. Qh8+ {[%emt 0:00:04]} Ke6 {[%emt 0:00:11]} 97. Qg8+ {[%emt 0:00:13]} Kd6 {[%emt 0:00:37]} 98. Qg6+ {[%emt 0:00:07]} Ke5 {[%emt 0:00:03]} 99. Qe8+ {[%emt 0:00:24]} Kf4 {[%emt 0:00:26]} 100. Qe6 {[%emt 0:00:05]} Qc7 {[%emt 0:00:06]} 101. Qf6 {[%emt 0:00:57]} Qd7 {[%emt 0:00:04]} 102. Kg8 {[%emt 0:01:21]} Ke4 {[%emt 0:00:02]} 103. Kf8 {[%emt 0:00:39]} Qe7+ {[%emt 0:00:36]} 104. Qxe7+ {[%emt 0:00:06]} Nxe7 {[%emt 0:00:03]} 105. Kxe7 {[%emt 0:00:05]} Ke5 {[%emt 0:00:08]} 1/2-1/2

[Event "Teplice Open 2019"]
[Site "Teplice"]
[Date "2019.06.16"]
[Round "2.8"]
[White "Lagarde, Maxime"]
[Black "Van Zyl-Rudd, Jack"]
[Result "1-0"]
[WhiteElo "2599"]
[BlackElo "2299"]
[Annotator "ChessBase"]
[PlyCount "51"]
[EventDate "2019.06.15"]
[EventType "swiss"]
[EventCountry "CZE"]
[SourceTitle "playchess.com"]
[Source "ChessBase"]
[SourceQuality "1"]
[TimeControl "40/5400+30:1800+30"]

1. e4 {[%emt 0:00:00]} c5 {[%emt 0:00:00]} 2. c3 {[%emt 0:00:00]} Nf6 {[%emt 0:00:44]} 3. e5 {[%emt 0:00:00]} Nd5 {[%emt 0:00:20]} 4. Nf3 {[%emt 0:00:00]} e6 {[%emt 0:00:56]} 5. d4 {[%emt 0:00:07]} cxd4 {[%emt 0:00:29]} 6. cxd4 {[%emt 0:00:07]} d6 {[%emt 0:00:31]} 7. a3 {[%emt 0:00:05]} Be7 {[%emt 0:01:31]} 8. Bd3 {[%emt 0:00:36]} O-O {[%emt 0:00:36]} 9. O-O {[%emt 0:00:18]} b6 {[%emt 0:08:10]} 10. Qe2 {[%emt 0:05:02]} Bb7 {[%emt 0:04:38]} 11. Qe4 {[%emt 0:00:41]} g6 {[%emt 0:00:07]} 12. Bh6 {[%emt 0:00:18]} Re8 {[%emt 0:01:20]} 13. Nbd2 {[%emt 0:03:41]} Nd7 {[%emt 0:07:10]} 14. Qg4 {[%emt 0:01:13]} dxe5 {[%emt 0:18:25]} 15. dxe5 {[%emt 0:00:10]} Rc8 {[%emt 0:03:04]} 16. Rfe1 {[%emt 0:08:34]} Qc7 {[%emt 0:05:58]} 17. h4 {[%emt 0:02:48]} Nc5 {[%emt 0:07:13]} 18. Bf1 {[%emt 0:05:18]} Qd7 {[%emt 0:13:38]} 19. b4 {[%emt 0:15:19]} Qa4 {[%emt 0:02:52]} 20. h5 {[%emt 0:15:56]} Nb3 {[%emt 0:04:23]} 21. hxg6 {[%emt 0:01:28]} hxg6 {[%emt 0:00:01]} 22. Bd3 {[%emt 0:05:41]} Nxd2 {[%emt 0:00:42]} 23. Bxg6 {[%emt 0:08:08]} Nxf3+ {[%emt 0:00:05]} 24. gxf3 {[%emt 0:00:03]} Kh8 {[%emt 0:01:43]} 25. Bg7+ {[%emt 0:00:26]} Kg8 {[%emt 0:00:15]} 26. Be4 {[%emt 0:01:09]} 1-0

[Event "Teplice Open 2019"]
[Site "Teplice"]
[Date "2019.06.16"]
[Round "2.9"]
[White "Hracek, Zbynek"]
[Black "Karas, Marek"]
[Result "1-0"]
[WhiteElo "2582"]
[BlackElo "2268"]
[Annotator "ChessBase"]
[PlyCount "55"]
[EventDate "2019.06.15"]
[EventType "swiss"]
[EventCountry "CZE"]
[SourceTitle "playchess.com"]
[Source "ChessBase"]
[SourceQuality "1"]
[TimeControl "40/5400+30:1800+30"]

1. e4 {[%emt 0:00:00]} e6 {[%emt 0:00:00]} 2. d4 {[%emt 0:00:00]} d5 {[%emt 0:00:00]} 3. Nc3 {[%emt 0:00:00]} Bb4 {[%emt 0:00:00]} 4. e5 {[%emt 0:00:00]} c5 {[%emt 0:00:00]} 5. Bd2 {[%emt 0:00:12]} Ne7 {[%emt 0:00:57]} 6. a3 {[%emt 0:00:29]} Bxc3 {[%emt 0:00:28]} 7. Bxc3 {[%emt 0:00:01]} cxd4 {[%emt 0:02:52]} 8. Qxd4 {[%emt 0:08:44]} Nbc6 {[%emt 0:06:24]} 9. Qg4 {[%emt 0:00:38]} Nf5 {[%emt 0:02:32]} 10. Nf3 {[%emt 0:02:42]} Qb6 {[%emt 0:05:32]} 11. Bd3 {[%emt 0:01:34]} d4 {[%emt 0:08:33]} 12. Bd2 {[%emt 0:02:15]} Nce7 {[%emt 0:08:12]} 13. Bb4 {[%emt 0:15:43]} h5 {[%emt 0:08:01]} 14. Qg5 {[%emt 0:04:08]} Ng6 {[%emt 0:07:09]} 15. Bxf5 {[%emt 0:08:02]} exf5 {[%emt 0:00:16]} 16. O-O-O {[%emt 0:00:07]} a5 {[%emt 0:06:08]} 17. Bd6 {[%emt 0:00:08]} Qd8 {[%emt 0:01:49]} 18. Qxd8+ {[%emt 0:02:00]} Kxd8 {[%emt 0:00:02]} 19. Rxd4 {[%emt 0:00:08]} Ke8 {[%emt 0:01:08]} 20. Rhd1 {[%emt 0:08:13]} Be6 {[%emt 0:01:02]} 21. Ng5 {[%emt 0:03:42]} Rc8 {[%emt 0:01:45]} 22. R1d3 {[%emt 0:01:33]} b6 {[%emt 0:03:31]} 23. b4 {[%emt 0:05:59]} h4 {[%emt 0:03:25]} 24. bxa5 {[%emt 0:03:46]} bxa5 {[%emt 0:00:20]} 25. Nxe6 {[%emt 0:01:00]} fxe6 {[%emt 0:00:10]} 26. Rb3 {[%emt 0:00:03]} h3 {[%emt 0:03:15]} 27. g3 {[%emt 0:00:01]} Nf8 {[%emt 0:01:34]} 28. Ra4 {[%emt 0:06:42]} 1-0

[Event "Teplice Open 2019"]
[Site "Teplice"]
[Date "2019.06.16"]
[Round "2.10"]
[White "Baum, Jonasz"]
[Black "Romanov, Evgeny"]
[Result "1/2-1/2"]
[WhiteElo "2295"]
[BlackElo "2577"]
[Annotator "TA"]
[PlyCount "96"]
[EventDate "2019.06.15"]
[EventType "swiss"]
[EventCountry "CZE"]
[SourceTitle "playchess.com"]
[Source "ChessBase"]
[SourceQuality "1"]

{[%evp 9,96,36,56,22,32,14,20,33,29,45,39,33,20,0,12,17,16,0,0,0,15,9,37,34,30,0,0,0,14,17,41,31,40,17,31,40,41,39,52,0,0,0,0,0,0,0,0,-12,0,0,0,0,0,0,67,64,99,94,112,107,301,16,16,17,18,0,0,0,18,0,8,0,34,0,14,0,0,0,0,0,0,0,0,0,0,0,1,0,0]} 1. d4 d5 2. c4 dxc4 3. e4 Nf6 4. e5 Nd5 5. Bxc4 Nc6 6. Ne2 {D20: Queen's Gambit Accepted: 3 e3 and 3 e4} Bf5 7. O-O e6 8. Nbc3 Nxc3 $146 ({Predecessor:} 8... Nb6 9. Bb3 Qd7 10. Be3 O-O-O 11. Qc1 Na5 12. Rd1 Nxb3 13. axb3 a6 14. Nf4 Bb4 15. Na2 Qb5 16. Nc3 Bxc3 17. Qxc3 {½-½ (58) Fridman,D (2639)-Agdestein,S (2630) Tromsoe 2014}) 9. bxc3 Na5 10. Ng3 Nxc4 11. Qa4+ Qd7 12. Qxc4 Bg6 13. a4 h5 14. f3 h4 15. Ne4 Qc6 16. Qxc6+ bxc6 17. Ba3 Bxa3 18. Rxa3 Rb8 19. Nc5 Ke7 20. Ra2 Bf5 21. Kf2 Rb6 22. a5 Rb5 23. Ke3 Rhb8 24. Na6 (24. g4 $14 Bb1 25. Ra4) 24... Rb2 $11 25. Nxb8 Rxa2 {[%mdl 4096] Endgame KRB-KRN} 26. Rf2 Ra3 27. Kd2 c5 28. dxc5 Kd8 29. Ke3 Kc8 30. Nc6 Kb7 31. Nd8+ Ka6 (31... Kc8 $1 $11 32. Nxf7 Rxc3+ 33. Kd4 Rd3+ 34. Kc4 Rd5) 32. Kd4 $14 Ra4+ 33. c4 Ra3 {[%csl Gf5][%cal Ra3d3] [#]} 34. Rd2 Kxa5 $2 (34... f6 $16) 35. Nc6+ $2 ({Don't do} 35. Nxf7 Ka6 $18) (35. c6 $18) 35... Ka4 $1 $11 36. Nxa7 {Strongly threatening Nb5.} Kb3 $1 37. Nc6 Ra4 38. Ke3 Kc3 39. Nd4 Rxc4 40. c6 Bg6 41. f4 Rb4 {The position is equal.} 42. f5 (42. g4 {looks sharper.} hxg3 43. hxg3 Kc4 44. g4 Bb1 45. f5) 42... Bxf5 43. Nxf5 exf5 {KR-KR} 44. Rd7 {[%mdl 64] [#] Double Attack} Re4+ 45. Kf3 g5 46. Rxc7 g4+ 47. Kf2 Rxe5 48. Rxf7 Kd3 {Accuracy: White = 44%, Black = 55%.} 1/2-1/2